000
00213 a2200097 4500
001
9122
090
_c
7300
_d
7300
100
_a
T F A
245
_a
100 years of soccer in pictures.(W/O vide BOO on 1992-93)
260
_b
T F A
942
_a
NUST-CAE
999
_c
244195
_d
244195